European Countries by Top 3 Borders Quiz Stats

 Plays Quiz not verified by Sporcle

Challenge
Share
Tweet
Embed
Score 0/31 Timer 08:00
0 Plays Today
Question Answer Wrong Answers
Portugal
France
Andorra
Spain
87.1%
Belgium
1.1%
Monaco
1%
Switzerland
0.6%
Syria
Iran
Iraq
Turkey
86.5%
Bulgaria
1.4%
Greece
0.5%
Moldova
0.5%
Kazakhstan
China
Mongolia
Russia
83.2%
Belarus
1.3%
Moldova
0.9%
Ukraine
2.5%
Russia
Norway
Sweden
Finland
82.6%
Denmark
2.9%
Estonia
1.9%
Latvia
1%
France
Netherlands
Germany
Belgium
79.9%
Czechia
0.3%
Denmark
1.3%
Luxembourg
7.6%
Austria
Czechia
Netherlands
Germany
78.9%
Belgium
4.7%
France
1.3%
Hungary
4%
Italy
France
Germany
Switzerland
78.2%
Austria
8.4%
Czechia
1.2%
Spain
0.7%
Moldova
Bulgaria
Ukraine
Romania
77.1%
Russia
5.6%
Serbia
3.5%
Turkey
2.4%
Croatia
Serbia
Montenegro
Bosnia and Herzegovina
77.1%
Albania
4.1%
Kosovo
4.9%
Slovenia
3.1%
Lithuania
Estonia
Russia
Latvia
76.8%
Belarus
7.2%
Finland
3.2%
Poland
2%
Sweden
Finland
Russia
Norway
75.6%
Denmark
3.9%
Estonia
7.2%
Poland
2%
Poland
Germany
Austria
Czechia
75.4%
France
2.2%
Hungary
8%
Slovakia
4%
Germany
Italy
Czechia
Austria
74.1%
France
1.6%
Liechtenstein
3.7%
Switzerland
9.4%
Russia
Moldova
Belarus
Ukraine
73.1%
Lithuania
4.2%
Poland
3.5%
Romania
7.7%
Brazil
Spain
Belgium
France
71.6%
Italy
3%
Netherlands
5.1%
Portugal
9.2%
Greece
Albania
Bulgaria
Macedonia
71.1%
Kosovo
5.8%
Serbia
5.8%
Turkey
5.8%
Croatia
Austria
Italy
Slovenia
69.7%
Bosnia and Herzegovina
4.9%
Hungary
7.2%
Slovakia
6.7%
Slovakia
Romania
Croatia
Hungary
67.9%
Czechia
7%
Slovenia
9.9%
Ukraine
3.5%
Greece
Montenegro
Macedonia
Albania
67%
Bulgaria
5.8%
Kosovo
11%
Serbia
5%
Belgium
Germany
France
Luxembourg
66.9%
Austria
2%
Netherlands
17.7%
Switzerland
2.5%
Romania
Kosovo
Bosnia and Herzegovina
Serbia
66.1%
Bulgaria
10.4%
Montenegro
10.7%
Ukraine
1.9%
Bosnia and Herzegovina
Slovenia
Hungary
Croatia
66.1%
Italy
1.6%
Serbia
13%
Slovakia
7.9%
Romania
Greece
Serbia
Bulgaria
64.9%
Albania
7.9%
Macedonia
11.9%
Montenegro
4.2%
Hungary
Poland
Czechia
Slovakia
64.5%
Austria
12.3%
Germany
9.7%
Slovenia
3%
Russia
Ukraine
Lithuania
Belarus
63.8%
Latvia
15.9%
Moldova
1.3%
Poland
8%
Czechia
Slovakia
Ukraine
Poland
62.3%
Austria
7.5%
Belarus
16.6%
Germany
2.3%
Belarus
Latvia
Russia
Lithuania
60.7%
Estonia
16%
Poland
3.9%
Ukraine
8.4%
Bosnia and Herzegovina
Albania
Serbia
Montenegro
58.5%
Bulgaria
3.1%
Croatia
17.4%
Macedonia
8.6%
Bulgaria
Macedonia
Albania
Greece
55.1%
Kosovo
14.8%
Romania
7.3%
Serbia
12.2%
Serbia
Macedonia
Albania
Kosovo
52.2%
Bosnia and Herzegovina
12.2%
Greece
8%
Montenegro
17.2%
Switzerland
France
Austria
Italy
51.8%
Germany
24.1%
Liechtenstein
13.5%
Spain
0.6%

You're not logged in!

Compare scores with friends on all Sporcle quizzes.
Join for Free
OR
Log In

You Might Also Like...

Show Comments

Extras

Top Quizzes Today


Score Distribution

Your Account Isn't Verified!

In order to create a playlist on Sporcle, you need to verify the email address you used during registration. Go to your Sporcle Settings to finish the process.

Report this User

Report this user for behavior that violates our Community Guidelines.

Details: